| 000 | 00381nam a22001577a 4500 | ||
|---|---|---|---|
| 003 | MPLRDC | ||
| 005 | 20220104182028.0 | ||
| 008 | 210129b ||||| |||| 00| 0 eng d | ||
| 082 | _a241.02 TBSO | ||
| 100 | _a | ||
| 245 |
_aPERJANJIAN BAHARU _c |
||
| 260 |
_a _bTHE BIBLE SOCIETY OF MALAYSIA _c |
||
| 300 | _b平 | ||
| 650 | _a基督教--圣经提要 | ||
| 942 |
_cBK _o241.02 TBSO |
||
| 999 |
_c61761 _d61751 |
||